[Event "ODJM A 2022"]
[Site "Willingen GER"]
[Date "2022.06.10"]
[Round "8"]
[White "Reimer, Philip"]
[Black "Nguyen, Phuc Nhat"]
[Result "0-1"]
[Termination "normal"]
[Board "17"]
[WhiteElo "1977"]
[BlackElo "1839"]
[WhiteClock "00:06:23"]
[BlackClock "00:01:34"]
[PlyCount "88"]
[WhiteFideId "16235860"]
[BlackFideId "16253590"]
[EventCountry "GER"]
[EventRounds "9"]
[EventType "swiss"]
[EventDate "2022.06.04"]

1. Nf3 {[%clk 1:30:57]} d5 {[%clk 1:27:53]} 2. d4 {[%clk 1:31:18]} Nf6 {[%clk
1:28:14]} 3. g3 {[%clk 1:31:20]} g6 {[%clk 1:28:11]} 4. Bg2 {[%clk 1:31:23]}
Bg7 {[%clk 1:28:29]} 5. c4 {[%clk 1:31:42]} O-O {[%clk 1:27:56]} 6. cxd5 {[%clk
1:31:34]} Nxd5 {[%clk 1:27:25]} 7. e4 {[%clk 1:28:46]} Nb6 {[%clk 1:27:24]} 8.
O-O {[%clk 1:28:48]} Bg4 {[%clk 1:26:08]} 9. Be3 {[%clk 1:18:52]} c5 {[%clk
1:22:04]} 10. d5 {[%clk 0:57:44]} Bxb2 {[%clk 1:10:59]} 11. Nbd2 {[%clk
0:58:05]} Bxa1 {[%clk 1:09:31]} 12. Qxa1 {[%clk 0:58:29]} f6 {[%clk 1:09:35]}
13. Bxc5 {[%clk 0:54:45]} Na6 {[%clk 1:04:49]} 14. Be3 {[%clk 0:54:39]} Rc8
{[%clk 0:57:35]} 15. Bh6 {[%clk 0:52:57]} Re8 {[%clk 0:56:17]} 16. Re1 {[%clk
0:47:34]} Nb4 {[%clk 0:53:24]} 17. Qb1 {[%clk 0:44:32]} Nc2 {[%clk 0:50:57]}
18. Rc1 {[%clk 0:42:56]} Na3 {[%clk 0:49:16]} 19. Qb2 {[%clk 0:42:50]} Rxc1+
{[%clk 0:48:13]} 20. Qxc1 {[%clk 0:43:16]} Nb5 {[%clk 0:41:30]} 21. Qb2 {[%clk
0:33:08]} Nd6 {[%clk 0:37:24]} 22. Nd4 {[%clk 0:19:44]} Qc8 {[%clk 0:26:33]}
23. Bf1 {[%clk 0:15:47]} Bd7 {[%clk 0:09:42]} 24. h4 {[%clk 0:12:51]} Na4
{[%clk 0:09:36]} 25. Qb1 {[%clk 0:12:39]} Qc3 {[%clk 0:05:21]} 26. N2f3 {[%clk
0:12:45]} Qb2 {[%clk 0:04:31]} 27. Qd3 {[%clk 0:12:57]} Nc5 {[%clk 0:04:44]}
28. Qe3 {[%clk 0:12:41]} Ncxe4 {[%clk 0:02:47]} 29. h5 {[%clk 0:12:32]} Qc3
{[%clk 0:01:59]} 30. Qe2 {[%clk 0:06:46]} Bg4 {[%clk 0:02:05]} 31. hxg6 {[%clk
0:07:02]} hxg6 {[%clk 0:02:13]} 32. Kh2 {[%clk 0:06:57]} Qxd4 {[%clk 0:02:21]}
33. Nxd4 {[%clk 0:07:08]} Bxe2 {[%clk 0:02:46]} 34. Bxe2 {[%clk 0:07:29]} Nxf2
{[%clk 0:03:02]} 35. Kg2 {[%clk 0:07:39]} Nfe4 {[%clk 0:03:17]} 36. Be3 {[%clk
0:07:37]} Rc8 {[%clk 0:01:36]} 37. g4 {[%clk 0:07:06]} Nc3 {[%clk 0:01:03]} 38.
Bd3 {[%clk 0:07:27]} Nxd5 {[%clk 0:01:09]} 39. Bd2 {[%clk 0:06:41]} Kf7 {[%clk
0:01:25]} 40. Kf3 {[%clk 0:06:52]} e5 {[%clk 0:01:42]} 41. Nb3 {[%clk 0:06:44]}
f5 {[%clk 0:00:44]} 42. gxf5 {[%clk 0:05:42]} gxf5 {[%clk 0:01:10]} 43. Bb1
{[%clk 0:06:01]} e4+ {[%clk 0:01:15]} 44. Ke2 {[%clk 0:06:23]} Nc3+ {[%clk
0:01:34]} 0-1

[Event "ODJM A 2022"]
[Site "Willingen GER"]
[Date "2022.06.10"]
[Round "8"]
[White "Herter, Arne"]
[Black "Metzinger, Hannes"]
[Result "0-1"]
[Termination "normal"]
[Board "18"]
[WhiteElo "1943"]
[BlackElo "1845"]
[WhiteClock "00:01:28"]
[BlackClock "00:28:21"]
[PlyCount "54"]
[WhiteFideId "16255372"]
[BlackFideId "16239350"]
[EventCountry "GER"]
[EventRounds "9"]
[EventType "swiss"]
[EventDate "2022.06.04"]

1. e4 {[%clk 1:30:58]} e5 {[%clk 1:30:55]} 2. Nf3 {[%clk 1:31:22]} Nc6 {[%clk
1:31:21]} 3. Bb5 {[%clk 1:31:45]} a6 {[%clk 1:31:46]} 4. Ba4 {[%clk 1:32:09]}
Nf6 {[%clk 1:32:12]} 5. O-O {[%clk 1:32:27]} Be7 {[%clk 1:32:38]} 6. d3 {[%clk
1:32:37]} b5 {[%clk 1:30:50]} 7. Bb3 {[%clk 1:33:01]} Bb7 {[%clk 1:31:15]} 8.
Nbd2 {[%clk 1:30:20]} O-O {[%clk 1:31:32]} 9. Re1 {[%clk 1:30:13]} d5 {[%clk
1:31:56]} 10. exd5 {[%clk 1:26:11]} Nxd5 {[%clk 1:32:21]} 11. Nxe5 {[%clk
1:25:52]} Nxe5 {[%clk 1:32:47]} 12. Rxe5 {[%clk 1:26:14]} Nf4 {[%clk 1:33:14]}
13. Nf3 {[%clk 1:15:04]} Nxg2 {[%clk 1:33:32]} 14. Kxg2 {[%clk 1:05:58]} Qd7
{[%clk 1:33:57]} 15. h3 {[%clk 1:04:55]} a5 {[%clk 1:34:24]} 16. c4 {[%clk
0:50:39]} Ra6 {[%clk 1:31:32]} 17. d4 {[%clk 0:30:03]} Rg6+ {[%clk 1:02:30]}
18. Kh2 {[%clk 0:30:04]} Bd6 {[%clk 1:02:39]} 19. Nh4 {[%clk 0:16:03]} Qc6
{[%clk 0:38:47]} 20. Qf1 {[%clk 0:06:21]} Bxe5+ {[%clk 0:27:26]} 21. dxe5
{[%clk 0:06:38]} Qe4 {[%clk 0:27:31]} 22. Nxg6 {[%clk 0:04:57]} hxg6 {[%clk
0:27:55]} 23. f4 {[%clk 0:03:36]} Rd8 {[%clk 0:28:17]} 24. Qf2 {[%clk 0:01:43]}
Qh1+ {[%clk 0:28:03]} 25. Kg3 {[%clk 0:02:07]} Rd3+ {[%clk 0:28:24]} 26. Be3
{[%clk 0:01:50]} Qxa1 {[%clk 0:28:35]} 27. cxb5 {[%clk 0:01:28]} Qc1 {[%clk
0:28:21]} 0-1

[Event "ODJM A 2022"]
[Site "Willingen GER"]
[Date "2022.06.10"]
[Round "8"]
[White "Zha, Kevin"]
[Black "Kamp, Adrian"]
[Result "0-1"]
[Termination "normal"]
[Board "19"]
[WhiteElo "1835"]
[BlackElo "1969"]
[WhiteClock "00:00:46"]
[BlackClock "00:05:03"]
[PlyCount "68"]
[WhiteFideId "16208951"]
[BlackFideId "16222466"]
[EventCountry "GER"]
[EventRounds "9"]
[EventType "swiss"]
[EventDate "2022.06.04"]

1. e4 {[%clk 1:30:58]} c5 {[%clk 1:30:45]} 2. c3 {[%clk 1:31:23]} Qa5 {[%clk
1:30:17]} 3. Nf3 {[%clk 1:30:39]} Nc6 {[%clk 1:29:47]} 4. Bc4 {[%clk 1:29:20]}
d6 {[%clk 1:26:17]} 5. O-O {[%clk 1:26:35]} Nf6 {[%clk 1:25:06]} 6. Qb3 {[%clk
1:12:19]} e6 {[%clk 1:22:54]} 7. d4 {[%clk 1:01:15]} Qc7 {[%clk 1:16:17]} 8.
Bd3 {[%clk 0:50:54]} d5 {[%clk 1:07:45]} 9. exd5 {[%clk 0:46:56]} Nxd5 {[%clk
1:05:56]} 10. Be3 {[%clk 0:43:48]} Be7 {[%clk 0:54:08]} 11. Na3 {[%clk
0:41:22]} a6 {[%clk 0:50:17]} 12. Rac1 {[%clk 0:34:54]} O-O {[%clk 0:45:15]}
13. Qc2 {[%clk 0:25:35]} g6 {[%clk 0:39:09]} 14. Bh6 {[%clk 0:18:05]} Rd8
{[%clk 0:38:27]} 15. h4 {[%clk 0:07:22]} b5 {[%clk 0:27:32]} 16. h5 {[%clk
0:06:02]} Nf4 {[%clk 0:26:32]} 17. hxg6 {[%clk 0:06:06]} Nxg6 {[%clk 0:25:26]}
18. Rfe1 {[%clk 0:05:27]} c4 {[%clk 0:20:35]} 19. Bxg6 hxg6 {[%clk 0:20:30]}
20. Ng5 {[%clk 0:03:52]} Bf8 {[%clk 0:19:06]} 21. Bxf8 {[%clk 0:03:57]} Kxf8
{[%clk 0:18:37]} 22. Qe4 {[%clk 0:04:22]} Rb8 {[%clk 0:14:41]} 23. Re3 {[%clk
0:04:15]} Ne7 {[%clk 0:14:01]} 24. Rf3 {[%clk 0:03:03]} Nf5 {[%clk 0:13:30]}
25. Rh3 {[%clk 0:03:00]} Nd6 {[%clk 0:09:57]} 26. Nh7+ {[%clk 0:02:17]} Ke7
{[%clk 0:09:35]} 27. Qh4+ {[%clk 0:02:12]} Kd7 {[%clk 0:09:55]} 28. d5 {[%clk
0:01:18]} exd5 {[%clk 0:09:30]} 29. Re1 {[%clk 0:01:37]} Kc6 {[%clk 0:09:25]}
30. Re7 {[%clk 0:01:25]} Qb6 {[%clk 0:08:08]} 31. Nc2 {[%clk 0:01:46]} Nf5
{[%clk 0:05:00]} 32. Nb4+ {[%clk 0:01:20]} Kc5 {[%clk 0:05:19]} 33. Qf6 {[%clk
0:01:05]} Qxf6 {[%clk 0:04:50]} 34. Nxf6 {[%clk 0:00:46]} Nxe7 {[%clk 0:05:03]}
0-1

[Event "ODJM A 2022"]
[Site "Willingen GER"]
[Date "2022.06.10"]
[Round "8"]
[White "Fuchs, Florian"]
[Black "Paeslack, Luis"]
[Result "1/2-1/2"]
[Termination "normal"]
[Board "20"]
[WhiteElo "1920"]
[BlackElo "1889"]
[WhiteClock "00:42:05"]
[BlackClock "00:02:35"]
[PlyCount "66"]
[WhiteFideId "16213351"]
[BlackFideId "12987760"]
[EventCountry "GER"]
[EventRounds "9"]
[EventType "swiss"]
[EventDate "2022.06.04"]

1. e4 {[%clk 1:30:58]} c5 {[%clk 1:30:58]} 2. Nf3 {[%clk 1:31:24]} d6 {[%clk
1:31:19]} 3. d4 {[%clk 1:31:51]} cxd4 {[%clk 1:31:44]} 4. Nxd4 {[%clk 1:32:18]}
Nf6 {[%clk 1:32:07]} 5. f3 {[%clk 1:32:46]} Nc6 {[%clk 1:32:30]} 6. c4 {[%clk
1:33:13]} e6 {[%clk 1:32:31]} 7. Nc3 {[%clk 1:33:39]} Be7 {[%clk 1:32:55]} 8.
Be3 {[%clk 1:34:06]} O-O {[%clk 1:33:17]} 9. Be2 {[%clk 1:34:33]} d5 {[%clk
1:32:45]} 10. cxd5 {[%clk 1:27:16]} exd5 {[%clk 1:32:10]} 11. Nxc6 {[%clk
1:27:06]} bxc6 {[%clk 1:32:36]} 12. exd5 {[%clk 1:27:13]} Nxd5 {[%clk 1:32:50]}
13. Nxd5 {[%clk 1:26:40]} cxd5 {[%clk 1:33:08]} 14. O-O {[%clk 1:24:29]} Bf6
{[%clk 1:32:16]} 15. Bd4 {[%clk 1:21:27]} Rb8 {[%clk 1:32:43]} 16. Qd2 {[%clk
1:16:31]} Re8 {[%clk 1:28:58]} 17. Rfe1 {[%clk 1:15:34]} a5 {[%clk 0:39:22]}
18. b3 {[%clk 0:59:27]} h6 {[%clk 0:16:30]} 19. Rad1 {[%clk 0:57:52]} Bf5
{[%clk 0:11:13]} 20. Bf1 {[%clk 0:51:44]} Rxe1 {[%clk 0:02:24]} 21. Qxe1 {[%clk
0:50:36]} Bxd4+ {[%clk 0:02:03]} 22. Rxd4 {[%clk 0:50:59]} Qb6 {[%clk 0:02:12]}
23. Qf2 {[%clk 0:51:04]} Be6 {[%clk 0:01:59]} 24. Ra4 {[%clk 0:45:28]} Qc7
{[%clk 0:02:14]} 25. Qd2 {[%clk 0:45:47]} Qc5+ {[%clk 0:02:25]} 26. Qd4 {[%clk
0:44:39]} Qxd4+ {[%clk 0:02:38]} 27. Rxd4 {[%clk 0:45:02]} Rb4 {[%clk 0:03:01]}
28. Rxb4 {[%clk 0:40:25]} axb4 {[%clk 0:03:27]} 29. Bd3 {[%clk 0:40:50]} Kf8
{[%clk 0:03:07]} 30. Kf2 {[%clk 0:41:15]} Ke7 {[%clk 0:02:34]} 31. Ke3 {[%clk
0:41:39]} Kd6 {[%clk 0:02:56]} 32. Kd4 {[%clk 0:42:05]} f6 {[%clk 0:02:35]} 33.
Ke4 Ke5+ 1/2-1/2

[Event "ODJM A 2022"]
[Site "Willingen GER"]
[Date "2022.06.10"]
[Round "8"]
[White "Sabirov, Rafael"]
[Black "Gallasch, Robin"]
[Result "1/2-1/2"]
[Termination "normal"]
[Board "21"]
[WhiteElo "1704"]
[BlackElo "2063"]
[WhiteClock "00:07:38"]
[BlackClock "00:32:04"]
[PlyCount "98"]
[WhiteFideId "16241185"]
[BlackFideId "16222423"]
[EventCountry "GER"]
[EventRounds "9"]
[EventType "swiss"]
[EventDate "2022.06.04"]

1. e4 {[%clk 1:30:59]} c6 {[%clk 1:30:55]} 2. d4 {[%clk 1:31:21]} d5 {[%clk
1:31:22]} 3. f3 {[%clk 1:31:36]} dxe4 {[%clk 1:31:09]} 4. fxe4 {[%clk 1:31:59]}
e5 {[%clk 1:31:36]} 5. Nf3 {[%clk 1:31:43]} Bg4 {[%clk 1:31:58]} 6. c3 {[%clk
1:30:09]} Nd7 {[%clk 1:30:29]} 7. Be2 {[%clk 1:29:24]} Bd6 {[%clk 1:24:57]} 8.
Nbd2 {[%clk 1:28:37]} Ngf6 {[%clk 1:24:14]} 9. Nc4 {[%clk 1:28:12]} Bc7 {[%clk
0:43:06]} 10. Nfxe5 {[%clk 1:23:50]} Nxe5 {[%clk 0:32:35]} 11. Nxe5 {[%clk
1:20:40]} Bxe2 {[%clk 0:32:33]} 12. Qxe2 {[%clk 1:20:03]} Bxe5 {[%clk 0:25:09]}
13. dxe5 {[%clk 1:18:57]} Nd7 {[%clk 0:25:34]} 14. e6 {[%clk 1:18:29]} fxe6
{[%clk 0:25:19]} 15. O-O {[%clk 1:15:23]} Qe7 {[%clk 0:23:02]} 16. Qh5+ {[%clk
1:04:50]} g6 {[%clk 0:20:41]} 17. Qg5 {[%clk 0:46:27]} Qxg5 {[%clk 0:17:23]}
18. Bxg5 {[%clk 0:46:40]} Rf8 {[%clk 0:17:50]} 19. Rfd1 {[%clk 0:41:48]} Rf7
{[%clk 0:12:39]} 20. Rd6 {[%clk 0:35:10]} Nf8 {[%clk 0:11:50]} 21. Rad1 {[%clk
0:32:43]} Rd7 {[%clk 0:11:02]} 22. e5 {[%clk 0:32:12]} Rc8 {[%clk 0:09:50]} 23.
Kf2 {[%clk 0:26:43]} Rcc7 {[%clk 0:05:09]} 24. Bh6 {[%clk 0:22:06]} Rxd6 {[%clk
0:04:21]} 25. Rxd6 {[%clk 0:21:28]} Re7 {[%clk 0:04:33]} 26. Ke2 {[%clk
0:21:12]} Kf7 {[%clk 0:03:57]} 27. a4 {[%clk 0:20:17]} a6 {[%clk 0:04:02]} 28.
Rd8 {[%clk 0:14:21]} Re8 {[%clk 0:04:05]} 29. Rxe8 {[%clk 0:14:26]} Kxe8 {[%clk
0:04:33]} 30. Bxf8 {[%clk 0:14:33]} Kxf8 {[%clk 0:04:58]} 31. Kd3 {[%clk
0:14:19]} Ke7 {[%clk 0:04:17]} 32. Kc4 {[%clk 0:13:39]} Kd7 {[%clk 0:04:18]}
33. Kc5 {[%clk 0:11:35]} Kc7 {[%clk 0:04:43]} 34. a5 {[%clk 0:11:25]} Kd7
{[%clk 0:04:43]} 35. Kb6 {[%clk 0:10:47]} Kc8 {[%clk 0:05:08]} 36. Kc5 {[%clk
0:10:48]} Kd7 {[%clk 0:04:43]} 37. Kb6 {[%clk 0:11:12]} Kc8 {[%clk 0:05:09]}
38. c4 {[%clk 0:11:36]} Kb8 {[%clk 0:05:10]} 39. b3 {[%clk 0:10:35]} Kc8 {[%clk
0:05:35]} 40. b4 {[%clk 0:04:10]} g5 {[%clk 0:03:08]} 41. b5 {[%clk 0:06:36]}
axb5 {[%clk 0:32:39]} 42. cxb5 {[%clk 0:06:55]} cxb5 {[%clk 0:33:06]} 43. Kxb5
{[%clk 0:07:16]} Kc7 {[%clk 0:33:31]} 44. Kc5 {[%clk 0:07:22]} h5 {[%clk
0:30:25]} 45. Kb5 {[%clk 0:07:24]} Kd7 {[%clk 0:30:18]} 46. Kb6 {[%clk
0:07:38]} Kc8 {[%clk 0:30:44]} 47. a6 {[%clk 0:07:02]} bxa6 {[%clk 0:31:11]}
48. Kxa6 {[%clk 0:07:20]} Kc7 {[%clk 0:31:38]} 49. Kb5 {[%clk 0:07:38]} Kb7
{[%clk 0:32:04]} 1/2-1/2

[Event "ODJM A 2022"]
[Site "Willingen GER"]
[Date "2022.06.10"]
[Round "8"]
[White "Schulz, Jannis"]
[Black "Fock, Amina"]
[Result "1/2-1/2"]
[Termination "normal"]
[Board "22"]
[WhiteElo "1810"]
[BlackElo "1790"]
[WhiteClock "00:05:36"]
[BlackClock "00:05:46"]
[PlyCount "70"]
[WhiteFideId "16224710"]
[BlackFideId "12981982"]
[EventCountry "GER"]
[EventRounds "9"]
[EventType "swiss"]
[EventDate "2022.06.04"]

1. d4 {[%clk 1:30:59]} Nf6 {[%clk 1:30:54]} 2. Nf3 {[%clk 1:31:20]} d5 {[%clk
1:31:17]} 3. Bf4 {[%clk 1:29:36]} e6 {[%clk 1:30:46]} 4. e3 {[%clk 1:29:30]} c5
{[%clk 1:30:56]} 5. dxc5 {[%clk 1:27:37]} Bxc5 {[%clk 1:28:18]} 6. c3 {[%clk
1:27:55]} O-O {[%clk 1:23:14]} 7. Bd3 {[%clk 1:26:13]} Bd6 {[%clk 1:17:25]} 8.
Bxd6 {[%clk 1:24:09]} Qxd6 {[%clk 1:16:38]} 9. Nbd2 {[%clk 1:23:20]} e5 {[%clk
1:10:56]} 10. e4 {[%clk 1:23:38]} dxe4 {[%clk 1:09:27]} 11. Nxe4 {[%clk
1:22:23]} Nxe4 {[%clk 1:06:07]} 12. Bxe4 {[%clk 1:22:48]} Qe7 {[%clk 1:06:01]}
13. O-O {[%clk 1:22:44]} Nd7 {[%clk 1:01:59]} 14. Qc2 {[%clk 1:17:49]} Nf6
{[%clk 1:00:46]} 15. Rfe1 {[%clk 1:15:39]} Nxe4 {[%clk 0:56:41]} 16. Qxe4
{[%clk 1:15:18]} f6 {[%clk 0:56:49]} 17. b3 {[%clk 1:09:02]} Be6 {[%clk
0:52:37]} 18. c4 {[%clk 1:06:38]} Rfd8 {[%clk 0:50:18]} 19. Rad1 {[%clk
1:05:21]} a6 {[%clk 0:41:18]} 20. Nd4 {[%clk 0:53:06]} Bf7 {[%clk 0:35:29]} 21.
Nf5 {[%clk 0:51:11]} Qb4 {[%clk 0:27:44]} 22. Ne3 {[%clk 0:45:54]} b5 {[%clk
0:25:51]} 23. Rc1 {[%clk 0:27:04]} Rac8 {[%clk 0:23:32]} 24. h3 {[%clk
0:12:46]} bxc4 {[%clk 0:20:52]} 25. Nxc4 {[%clk 0:11:03]} Bxc4 {[%clk 0:20:34]}
26. Rxc4 {[%clk 0:10:04]} Rxc4 {[%clk 0:20:30]} 27. bxc4 {[%clk 0:10:29]} Rd4
{[%clk 0:15:29]} 28. Qa8+ {[%clk 0:10:30]} Kf7 {[%clk 0:15:20]} 29. Re3 {[%clk
0:06:19]} Qxc4 {[%clk 0:08:22]} 30. Qb7+ {[%clk 0:06:34]} Ke6 {[%clk 0:08:09]}
31. Qxg7 {[%clk 0:06:26]} Rd1+ {[%clk 0:08:03]} 32. Kh2 {[%clk 0:06:55]} Qf4+
{[%clk 0:07:46]} 33. Rg3 {[%clk 0:07:18]} Rd7 {[%clk 0:06:45]} 34. Qg8+ {[%clk
0:07:26]} Kd6 {[%clk 0:05:46]} 35. Qb3 {[%clk 0:05:36]} Ke7 1/2-1/2

[Event "ODJM A 2022"]
[Site "Willingen GER"]
[Date "2022.06.10"]
[Round "8"]
[White "Hoffmann, Kay"]
[Black "Scherer, Josua"]
[Result "1-0"]
[Termination "normal"]
[Board "23"]
[WhiteElo "1607"]
[BlackElo "1856"]
[PlyCount "89"]
[WhiteFideId "16227000"]
[BlackFideId "16244486"]
[EventCountry "GER"]
[EventRounds "9"]
[EventType "swiss"]
[EventDate "2022.06.04"]

1. d4 d5 2. Nf3 Nf6 3. Bf4 c5 4. e3 Nc6 5. c3 Qb6 6. Qc2 Bf5 7. dxc5 Bxc2 8.
cxb6 Bxb1 9. Rxb1 axb6 10. a3 e6 11. Bb5 Be7 12. Ne5 Rc8 13. Nxc6 bxc6 14. Ba6
Rd8 15. Bc7 Rd7 16. Bxb6 O-O 17. Ke2 e5 18. f4 Rb8 19. fxe5 Ng4 20. Bd4 c5 21.
h3 cxd4 22. hxg4 Ra7 23. Bd3 dxc3 24. Bxh7+ Kf8 25. Bc2 Ke8 26. bxc3 Rxb1 27.
Rxb1 Rxa3 28. Bb3 Ra5 29. Rb2 Kd7 30. Ra2 Rxa2+ 31. Bxa2 Kc6 32. e4 dxe4 33.
Bxf7 Bc5 34. c4 e3 35. Kd3 Kd7 36. g5 Ke7 37. Bh5 Ke6 38. Ke4 Be7 39. Bg4+ Kf7
40. Kxe3 Bxg5+ 41. Kd4 Be7 42. Kd5 Ba3 43. c5 Ke7 44. c6 Kd8 45. Ke6 1-0

[Event "ODJM A 2022"]
[Site "Willingen GER"]
[Date "2022.06.10"]
[Round "8"]
[White "Matthes, Benjamin"]
[Black "Bartelt, Max Peter"]
[Result "0-1"]
[Termination "normal"]
[Board "24"]
[WhiteElo "1851"]
[BlackElo "1959"]
[PlyCount "68"]
[WhiteFideId "16227298"]
[BlackFideId "12967289"]
[EventCountry "GER"]
[EventRounds "9"]
[EventType "swiss"]
[EventDate "2022.06.04"]

1. e4 e6 2. Nf3 d5 3. exd5 exd5 4. d4 Bd6 5. Bd3 Nc6 6. c3 Bg4 7. h3 Bh5 8. Be3
Nge7 9. Nbd2 Qd7 10. Qc2 O-O-O 11. O-O-O f6 12. g4 Bg6 13. Nh4 Bxd3 14. Qxd3
Rde8 15. f4 g6 16. Ndf3 Rhf8 17. Bd2 Na5 18. b3 b6 19. Ng2 c5 20. dxc5 Bxc5 21.
Qa6+ Kb8 22. Kb2 Nec6 23. Rhe1 Rxe1 24. Rxe1 d4 25. Qb5 Qd5 26. Qe2 Rd8 27. c4
Qd6 28. Qe6 Ba3+ 29. Kb1 Qc5 30. Bxa5 Qxa5 31. Qe4 Qc3 32. Qe2 Nb4 33. Ngh4 d3
34. Qd2 Qc2+ 0-1

[Event "ODJM A 2022"]
[Site "Willingen GER"]
[Date "2022.06.10"]
[Round "8"]
[White "Kesselmeier, Kevin"]
[Black "Kamp, Aaron"]
[Result "1/2-1/2"]
[Termination "normal"]
[Board "25"]
[WhiteElo "1927"]
[BlackElo "1790"]
[PlyCount "51"]
[WhiteFideId "16217551"]
[BlackFideId "16231120"]
[EventCountry "GER"]
[EventRounds "9"]
[EventType "swiss"]
[EventDate "2022.06.04"]

1. e4 c5 2. Nf3 d6 3. d4 cxd4 4. Nxd4 Nf6 5. Nc3 g6 6. Be3 Bg7 7. f3 O-O 8. Bc4
Nc6 9. Qd2 Bd7 10. O-O-O Rc8 11. Bb3 Nxd4 12. Bxd4 b5 13. h4 a5 14. h5 a4 15.
Bxf6 Bxf6 16. hxg6 e6 17. e5 Bg7 18. Rxh7 Bxe5 19. Rdh1 fxg6 20. Rh8+ Bxh8 21.
Rxh8+ Kxh8 22. Qh6+ Kg8 23. Qxg6+ Kh8 24. Qh6+ Kg8 25. Qg6+ Kh8 26. Qh6+
1/2-1/2

[Event "ODJM A 2022"]
[Site "Willingen GER"]
[Date "2022.06.10"]
[Round "8"]
[White "Garbuz, Nicole"]
[Black "Poggemann, Alexander"]
[Result "1/2-1/2"]
[Termination "normal"]
[Board "26"]
[WhiteElo "1824"]
[BlackElo "1829"]
[PlyCount "40"]
[WhiteFideId "12990701"]
[BlackFideId "16224167"]
[EventCountry "GER"]
[EventRounds "9"]
[EventType "swiss"]
[EventDate "2022.06.04"]

1. e4 c6 2. d4 d5 3. Nd2 dxe4 4. Nxe4 Bf5 5. Ng3 Bg6 6. h4 h6 7. h5 Bh7 8. Nf3
e6 9. Bd3 Bxd3 10. Qxd3 Nd7 11. Bd2 Ngf6 12. O-O-O Be7 13. Ne4 Nxe4 14. Qxe4
Nf6 15. Qd3 Qd5 16. c4 Qe4 17. Qxe4 Nxe4 18. Be3 O-O 19. Ne5 Rac8 20. Kc2 b5
1/2-1/2